000 00922nam a22002771 4500
001 5641
003 BD-RjUL
005 20211208234112.0
008 140106s1967 maua b 000 0 eng
020 _a0201002345
035 _a(BD-RjUL)5680
040 _aDLC
_cDLC
_dDLC
_dBD-RjUL
_beng
041 _aeng
082 0 0 _a371.3
_bAMI 1967
100 1 _aAmidon, Edmund J.,
_917689
245 1 0 _aInteraction analysis: theory, research, and application /
_cEdmund J. Amidon [and] John B. Hough, editors. With an introd. by Ned A. Flanders.
260 _aReading, Mass.,
_bAddison-Wesley Pub. Co.
_cc1967.
300 _axiii, 402 p. :
_billus. ;
_c23 cm.
490 0 _aAddison-Wesley series in education
504 _aBibliography: p. 393-402.
650 0 _aInteraction analysis in education.
_917690
700 1 _aHough, John B.,
_ejoint comp.
_917691
942 _2ddc
_cBK
999 _c5641
_d5641